000 00662nam a2200193 4500
001 113076
003 ES-MaACL
005 20230906185739.0
007 t|
008 061121s1944 sp r ||||1| spa d
100 1 _aMussio Fournier, J. C.
_984696
245 1 0 _aManuales de medicina práctica
_b: piel anexos y glándulas endocrinas /
_cpor los doctores J. C. Mussio Fournier , Raúl A. Piaggio Blanco y José María Cerviño.
250 _a1ª ed.
260 _aBarcelona :
_bSalvat,
_c1944.
300 _a192 p. ;
_c23 cm.
700 1 _aPiaggio Blanco, Raúl A.
_991742
700 1 _aCerviño, José María.
_937665
852 _aES-MaACL
_jE-867
_bR.20803
999 _c113076
_d113076